Online Catalogue and eLibrary

Kanyangana Puuja (Record no. 839)

MARC details
000 -LEADER
fixed length control field 00430nam a2200157Ia 4500
005 - DATE AND TIME OF LATEST TRANSACTION
control field 20250616022125.0
008 - FIXED-LENGTH DATA ELEMENTS--GENERAL INFORMATION
fixed length control field 240331s9999 xx 000 0 und d
020 ## - INTERNATIONAL STANDARD BOOK NUMBER
ISBN 2095566998
082 ## - DDC Classification
Class No. 392
Item Number - Author Mark DIS
100 ## - MAIN ENTRY--PERSONAL NAME
Personal name Dissanayake,M
245 #0 - TITLE STATEMENT
Title Kanyangana Puuja
260 ## - PUBLICATION, DISTRIBUTION, ETC.
Place of publication, distribution, etc. Colombo
Name of publisher, distributor, etc. S. Godage & Brothers
Date of publication, distribution, etc. 2004
300 ## - PHYSICAL DESCRIPTION
Extent (e.g. Volumes, Pages etc.) 216 p .,
500 ## - GENERAL NOTE
General note An analysis of virginity and the worship of virgins in Nepal and India
942 ## - Koha item type (Biblio)
Koha item type Books in Stacks (Lending)
Holdings
Lost status Damaged status Collection code Home library Current library Shelving location Date acquired Full call number Accession Number Item type
    Lending WERC Library WERC Library Social Science Cupboard 03/31/2024 392 DIS 4915 Books in Stacks (Lending)

© WERC Library